The essential Rizal : (Record no. 30185)
[ view plain ]
| 000 -LEADER | |
|---|---|
| fixed length control field | 00563nam a2200157 4500 |
| 008 - FIXED-LENGTH DATA ELEMENTS--GENERAL INFORMATION | |
| fixed length control field | 070918s1997 ph eng |
| 020 ## - INTERNATIONAL STANDARD BOOK NUMBER | |
| International Standard Book Number | 9718967486 :Php160/144 |
| 090 ## - LOCALLY ASSIGNED LC-TYPE CALL NUMBER (OCLC); LOCAL CALL NUMBER (OCLC) | |
| Classification number (OCLC) (R) ; Classification number, CALL (RLIN) (NR) | DS675.8.R5 |
| Local cutter number (OCLC) ; Book number/undivided call number, CALL (RLIN) | V34e |
| 100 1# - MAIN ENTRY--PERSONAL NAME | |
| Personal name | Vano, Manolo O. |
| 245 14 - TITLE STATEMENT | |
| Title | The essential Rizal : |
| Remainder of title | patriot, thinker and believer : a college tetbook / |
| Statement of responsibility, etc | by Manolo O. Vano. |
| 260 ## - PUBLICATION, DISTRIBUTION, ETC. (IMPRINT) | |
| Place of publication, distribution, etc | Quezon City : |
| Name of publisher, distributor, etc | Giraffe Books, |
| Date of publication, distribution, etc | 1997. |
| 300 ## - PHYSICAL DESCRIPTION | |
| Extent | 152 p. ; |
| Dimensions | 23 cm. |
| 600 14 - SUBJECT ADDED ENTRY--PERSONAL NAME | |
| Personal name | Rizal, Jose, |
| Dates associated with a name | 1861-1896. |
| 951 ## - EQUIVALENCE OR CROSS-REFERENCE-GEOGRAPHIC NAME/AREA NAME [OBSOLETE] [CAN/MARC only] | |
| General subdivision | 00035666 |
| 951 ## - EQUIVALENCE OR CROSS-REFERENCE-GEOGRAPHIC NAME/AREA NAME [OBSOLETE] [CAN/MARC only] | |
| -- | 31203 |
| -- | FILDS675.8.R5/V34e |
| -- | 070918113932234 |
| -- | 2000-12-21 |
| -- | FIL-REF |
| Withdrawn status | Lost status | Damaged status | Not for loan | Home library | Current library | Shelving location | Date acquired | Accession number | Shelving control number | Total Checkouts | Full call number | Barcode | Date last seen | Price effective from | Koha item type |
|---|---|---|---|---|---|---|---|---|---|---|---|---|---|---|---|
| BSOP Library | BSOP Library | Filipiniana Reference | 12/21/2000 | 31203 | 127 | FILDS675.8.R5/V34e | 00035666 | 02/23/2013 | 02/23/2013 | Books |
